| 000 | 01918cam a2200265 i 4500 | ||
|---|---|---|---|
| 003 | OSt | ||
| 005 | 20260405141015.0 | ||
| 008 | 260331q19001999xx g 000 0 ara c | ||
| 040 |
_aSA-JeALM _bara _cSA-RiAUC _erda |
||
| 082 | 0 | 4 |
_a252.27 _qSA-RiAUC |
| 090 |
_aم ن 252.27 _bع ب د ح |
||
| 100 | 1 |
_aعبد الحميد قدس، عبد الحميد بن محمد علي قدس بن عبد القادر، _d1280-1335 هجري _eمؤلف. |
|
| 245 | 1 | 0 |
_aهذه الرسالة المسماة بإنذار الحاضر والباد عن كتابة اسم معظم على الكفن بما يثبت جرمه كالمداد _bالمتممة بمسئلة جواز الصلاة على الجنازة مالم يتحر بعد الصبح والعصر رجاء كثرة المصلين ازبادة الأجر ومسئلة الصلاة على الجنازة والميت مستلق على ظهره لا متوجها إلى القبلة كتوجهه في قبره _cالشيخ عبدالحميد بن محمد علي قدس . ويليها الرسالة المسماة بالتحفة المرضية في جواز تفسير القرآن العظيم بالعجمية للمؤلف المذكور |
| 246 | _aانذار الحاضر والباد عن كتابة اسم معظم على الكفن ... | ||
| 246 | _aالتحفة المرضية في جواز تفسير القرآن العظيم بالعجمية | ||
| 264 | 1 |
_aالقاهرة : _bالمطبعة الحميدية المصرية ، _c[1904] |
|
| 300 |
_a26 صفحة ؛ _c29 سم. |
||
| 336 |
_aنص _btxt _2rdacontent _3كتاب |
||
| 337 |
_aبدون وسيط _bn _2rdamedia |
||
| 650 | 7 |
_aالجنائز (فقه إسلامي) _2aucsh |
|
| 650 | 7 |
_aالميت _xتكفين _2aucsh |
|
| 740 | _aالتحفة المرضية في جواز تفسير القرآن العظيم بالعجمية | ||
| 942 |
_2ddc _cRBOOK COPY _n0 |
||
| 949 |
_aSA-JeALM _d260331 _uosman123 _n1 |
||
| 999 |
_c14729 _d14729 |
||